Tvorba BIM modelu administratívnej budovy

Saved in:
Bibliographic Details
Main Author: Kasala, Martin (Author)
Other Authors: Erdélyi, Ján (Thesis advisor)
Format: Manuscript Book
Language:Slovak
Published: 2017
Subjects:
Online Access:http://is.stuba.sk/zp/portal_zp.pl?podrobnosti=125047
https://opac.crzp.sk/?fn=detailBiblioForm&sid=CBCDB6E5622FB9C0D15F4328BE80
Tags: Add Tag
No Tags, Be the first to tag this record!

MARC

LEADER 00000ntm a22000003a 4500
001 stuzp63481
003 SK-STU
005 20230811163748.0
007 ta
008 150427s2015----xo-----f-mn---000-0-slo-d
040 |a STU  |b slo 
041 0 |a slo 
100 1 |a Kasala, Martin  |u 010140  |k Z4  |4 aut  |U SvF Stavebná fakulta  |T SvF Katedra geodézie  |X 54925  |U V140  |Y 14  |7 54925 
242 0 1 |a Creating a BIM model of administration building  |y eng 
245 1 0 |a Tvorba BIM modelu administratívnej budovy 
260 |c 2017 
650 4 |a Terestrické laserové skenovanie  |2 slo 
650 4 |a BIM  |2 slo 
650 4 |a Autodesk Revit  |2 slo 
650 4 |a BIM  |2 eng 
650 4 |a Autodesk Revit  |2 eng 
650 4 |a Terrestrial laser scanning  |2 eng 
700 1 |a Erdélyi, Ján  |u 010140  |k Z1  |4 ths  |U SvF Stavebná fakulta  |T SvF Katedra geodézie  |X 10734  |U V140  |Y 14  |7 A000010734 
856 4 |u http://is.stuba.sk/zp/portal_zp.pl?podrobnosti=125047 
856 4 |u https://opac.crzp.sk/?fn=detailBiblioForm&sid=CBCDB6E5622FB9C0D15F4328BE80